<?xml version="1.0" encoding="UTF-8"?><?xml-stylesheet type="text/xsl" href="static/style.xsl"?><OAI-PMH xmlns="http://www.openarchives.org/OAI/2.0/" xmlns:xsi="http://www.w3.org/2001/XMLSchema-instance" xsi:schemaLocation="http://www.openarchives.org/OAI/2.0/ http://www.openarchives.org/OAI/2.0/OAI-PMH.xsd"><responseDate>2026-04-17T14:39:08Z</responseDate><request verb="GetRecord" identifier="oai:www.recercat.cat:2099.1/15291" metadataPrefix="marc">https://recercat.cat/oai/request</request><GetRecord><record><header><identifier>oai:recercat.cat:2099.1/15291</identifier><datestamp>2025-07-23T02:43:08Z</datestamp><setSpec>com_2072_1033</setSpec><setSpec>col_2072_452951</setSpec></header><metadata><record xmlns="http://www.loc.gov/MARC21/slim" xmlns:dcterms="http://purl.org/dc/terms/" xmlns:xsi="http://www.w3.org/2001/XMLSchema-instance" xmlns:doc="http://www.lyncode.com/xoai" xsi:schemaLocation="http://www.loc.gov/MARC21/slim http://www.loc.gov/standards/marcxml/schema/MARC21slim.xsd">
   <leader>00925njm 22002777a 4500</leader>
   <datafield ind2=" " ind1=" " tag="042">
      <subfield code="a">dc</subfield>
   </datafield>
   <datafield ind2=" " ind1=" " tag="720">
      <subfield code="a">Llonch Gonzalez, Kenneth</subfield>
      <subfield code="e">author</subfield>
   </datafield>
   <datafield ind2=" " ind1=" " tag="260">
      <subfield code="c">2011-11-22</subfield>
   </datafield>
   <datafield ind2=" " ind1=" " tag="520">
      <subfield code="a">Este trabajo final de carrera está enmarcado dentro de la realización de un&#xd;
PROFEDI (Programa de Formació d’Estudiants en Departaments i Instituts)&#xd;
dentro del grupo de investigación ICARUS de la UPC (Universitat Politècnica&#xd;
de Catalunya).&#xd;
El grupo ICARUS está localizado en el Parc Mediterrani de la Tecnologia de&#xd;
Castelldefels (Barcelona). Actualmente tiene distintos proyectos en marcha&#xd;
siendo el Sky-Eye el más importante. El proyecto Sky-Eye consiste en la&#xd;
detección de hot spots y está subvencionado por la Generalitat de Catalunya.&#xd;
Un PROFEDI consiste en la realización de un proyecto en un departamento de&#xd;
la Universidad, en este caso de la Escola d’Enginyeria de Telecomunicacions i&#xd;
Aeroespacial de Castelldefels en el departamento de Arquitectura de&#xd;
Computadores. En él, el alumno investiga nuevos campos y ramas de sus&#xd;
estudios y amplía así sus conocimientos.&#xd;
Este PROFEDI consiste en la construcción de un quadrotor que será usado en&#xd;
un futuro como demostrador docente por la universidad. El proyecto lo he&#xd;
realizado junto con otro estudiante, Francesc Pera González. Inicialmente se&#xd;
documentó un parte inicial de “Safety” en común, y posteriormente decidí&#xd;
hacer todo el proceso de integración y “setup”.&#xd;
En este TFC se detallarán qué segmentos integran el UAV, cómo&#xd;
interaccionan entre ellos y la correcta integración de los sistemas que los&#xd;
forman. Así mismo, se explicará la correcta instalación, configuración y edición&#xd;
de todos los aspectos software necesarios para poder simular a través de la&#xd;
“Ground Control Station” o poder volar el quadrotor siempre con las medidas&#xd;
de seguridad necesarias.&#xd;
El software usado en el proyecto es de acceso libre y ha sido creado por el&#xd;
grupo Paparazzi de la ENAC (Ecole Nationale de l’Aviation Civile), los cuales&#xd;
tienen una web [1] que nos sirvió de soporte durante todo el proyecto.&#xd;
Tratándose de un demostrador docente donde la interacción con estudiantes&#xd;
(a los cuales se les permitirá editar y configurar el vuelo del quadrotor) será&#xd;
constante, el aspecto de la seguridad, es uno de los más importantes.</subfield>
   </datafield>
   <datafield tag="653" ind2=" " ind1=" ">
      <subfield code="a">Àrees temàtiques de la UPC::Aeronàutica i espai::Aviònica</subfield>
   </datafield>
   <datafield tag="653" ind2=" " ind1=" ">
      <subfield code="a">Drone aircraft</subfield>
   </datafield>
   <datafield tag="653" ind2=" " ind1=" ">
      <subfield code="a">Integration</subfield>
   </datafield>
   <datafield tag="653" ind2=" " ind1=" ">
      <subfield code="a">UAV</subfield>
   </datafield>
   <datafield tag="653" ind2=" " ind1=" ">
      <subfield code="a">Autopilot</subfield>
   </datafield>
   <datafield tag="653" ind2=" " ind1=" ">
      <subfield code="a">Booz and Teaching Demonstrator</subfield>
   </datafield>
   <datafield tag="653" ind2=" " ind1=" ">
      <subfield code="a">Avions no tripulats</subfield>
   </datafield>
   <datafield tag="653" ind2=" " ind1=" ">
      <subfield code="a">Aviònica - Ensenyament universitari</subfield>
   </datafield>
   <datafield ind2="0" ind1="0" tag="245">
      <subfield code="a">Setup and Integration of a quadrotor used as a research demonstrator</subfield>
   </datafield>
</record></metadata></record></GetRecord></OAI-PMH>